000 01502nam a22002897a 4500
003 OSt
005 20250929160318.0
008 250929b |||ao||| |||| 00| 0 spa d
020 _a9583392650
037 _bDonación
040 _aCO-JMCR
_bspa
_cCO-JMCR
_dCO-JMCR
_erda
041 0 _aspa
082 0 4 _a363.5
_bF72h
_223
111 2 _aForo Hábitat y el Derecho a la Vivienda Digna (
_d: 2005 :
_cBogotá)
_944366
245 1 0 _aHábitat y el derecho a la vivienda digna /
_cForo Hábitat y el Derecho a la Vivienda Digna ; compilador Arturo Moncaleano Archila.
250 _a1° edición.
260 _aBogotá :
_bPontificia Universidad Javeriana :
_bKonrad Adenauer Stiftung,
_c2006.
300 _a156 páginas :
_bilustraciones, fotos ;
_c24 cm.
440 0 _aForo permanente
_944367
505 _a1. VIVIENDA – ASPECTOS SOCIALES – COLOMBIA. 2. HÁBITAT – COLOMBIA. 3. DERECHO A LA VIVIENDA – COLOMBIA. 4. CALIDAD DE LA VIVIENDA – COLOMBIA. 5. VIVIENDA POPULAR – COLOMBIA. 6. ORDENAMIENTO TERRITORIAL – COLOMBIA. 7. FORO.
650 2 4 _aVivienda
_x Aspectos sociales
_z Colombia
_v Congresos, conferencias, etc.
_2JMCR
_944368
650 2 4 _aVivienda popular
_z Colombia
_v Congresos, conferencias, etc.
_2JMCR
_944369
650 2 4 _aOrdenamiento territorial colombiano
_vCongresos, conferencias, etc.
_2JMCR
_944370
650 2 4 _aCalidad de vida
_z Colombia
_v Congresos, conferencias, etc.
_2JMCR
_944371
700 1 0 _aMoncaleano Archila, Arturo,
_ecompilador.
_944372
942 _2ddc
_cBK
999 _c31095
_d17479